000 00214 a2200097 4500
001 48608
100 _aTaylor, J.W.R
245 _aHistory of aviation
260 _aLondon
_bOctopus books
_c
090 _c31535
_d31535
942 _aNUST-CAE
_cM
_c23931
999 _c283681
_d283681